"A" Football Clubs - Statistics

General Stats
  • This quiz has been taken 14 times
  • The average score is 20 of 89
Answer Stats
Hint Answer % Correct
England Arsenal
92%
Netherlands Ajax
58%
Belgium Anderlecht
58%
Spain Atletico Madrid
58%
Scotland Aberdeen
50%
England Accrington
50%
Greece AEK Athens
50%
Egypt Al Ahly
50%
Kazakhstan Astana
50%
Italy Atalanta
50%
Denmark Aalborg
42%
Cyprus AEK Larnaca
42%
Saudi Al Hilal
42%
Saudi Al Nassr
42%
France Angers
42%
Cyprus APOEL
42%
England Aston Villa
42%
Spain Athletic Bilbao
42%
France Auxerre
42%
Denmark Aarhus
33%
Sweden AIK
33%
UAE Al Ain
33%
Saudi Al Ittihad
33%
France Amiens
33%
Germany Arminia Bielefeld
33%
Germany Augsburg
33%
Austria Austria Wien
33%
Scotland Ayr
33%
Spain Albacete
25%
England Aldershot
25%
Spain Almeria
25%
Bolivia Always Ready
25%
France Annecy
25%
Turkey Antalyaspor
25%
Romania Arad
25%
Argentina Argentinos Juniors
25%
Italy Ascoli
25%
Netherlands AZ
25%
Australia Adelaide United
17%
Scotland Airdrieonians
17%
Saudi Al Ahli
17%
Peru Alianza Lima
17%
Scotland Alloa
17%
Saudi Al Riyadh
17%
England Altrincham
17%
Scotland Annan
17%
Armenia Ararat Armenia
17%
Armenia Ararat Yerevan
17%
Scotland Arbroath
17%
Cyprus Aris Limassol
17%
France AS Monaco
17%
USA Atlanta United
17%
Colombia Atletico Nacional
17%
Argentina Atletico Tucuman
17%
Norway Aalesunds
8%
Italy AC Milan
8%
Italy AC Monza
8%
Albania AF Elbasani
8%
Russia Akhmat Grozny
8%
Scotland Albion Rovers
8%
Saudi Al Ettifaq
8%
England Alfreton
8%
Argentina All Boys
8%
Netherlands Almere
8%
Saudi Al Shabab
8%
Saudi Al Taawoun
8%
Austria Altach
8%
Colombia America de Cali
8%
Greece Aris Thessaloniki
8%
Portugal Arouca
8%
Argentina Arsenal Sarandi
8%
Montenegro Arsenal Tivat
8%
Mexico Atlas
8%
Colombia Atletico Bucaramanga
8%
Australia Auckland FC
8%
USA Austin
8%
Austria Austria Klagenfurt
8%
Austria Austria Lustenau
8%
Italy Avellino
8%
Finland AC Oulu
0%
Turkey Alanyspor
0%
Argentina Aldosivi
0%
Saudi Al Fateh
0%
Saudi Al Fayha
0%
Saudi Al Hazem
0%
Saudi Al Khaleej
0%
Saudi Al Qadsiah
0%
Spain Andorra
0%
Canada Atletico Ottawa
0%
No matching quizzes found
Score Distribution
Percent of People with Each Score
Percentile by Number Answered
Your Score History
You have not taken this quiz